Statistics for International Flights from California

Click here to take the quiz!

General Stats

  • This quiz has been taken 128 times
  • The average score is 71 of 103

Answer Stats

Answer% Correct
Los Angeles
99%
San Francisco
99%
San Diego
98%
London
97%
Mexico City
94%
Tokyo
94%
Amsterdam
93%
San José
93%
San José (CR)
93%
Shanghai
93%
Auckland
92%
Oslo
92%
Toronto
92%
Beijing
91%
Frankfurt
91%
Hong Kong
91%
Madrid
91%
Münich
91%
Sydney
91%
Dubai
90%
Dublin
90%
Paris
90%
Osaka
89%
Sacramento
89%
Vancouver
89%
Helsinki
87%
Istanbul
87%
Montréal
87%
Rome
87%
Lima
86%
Lisbon
86%
Melbourne
86%
Seoul
86%
Singapore
86%
Stockholm
86%
Zürich
86%
Doha
85%
Manila
85%
Moscow
85%
Abu Dhabi
84%
Barcelona
84%
Bogotá
84%
Delhi
84%
Guadalajara
84%
Milan
84%
Santiago de Chile
84%
Taipei
84%
Cancún
83%
Guangzhou
83%
Brisbane
82%
Oakland
82%
São Paulo
82%
Calgary
79%
Copenhagen
79%
Edmonton
79%
Monterrey
78%
Panama City
77%
Riyadh
77%
Manchester
76%
Jeddah
72%
Tel Aviv
72%
Vienna
72%
Warsaw
72%
Wuhan
72%
Buenos Aires
71%
Chengdu
68%
San Salvador
67%
Shenzhen
66%
Xiamen
66%
Xi'an
66%
Guatemala City
64%
Winnipeg
63%
Fresno
62%
Chongqing
60%
John Wayne Airport
60%
San José del Cabo
60%
Hangzhou
52%
Nanjing
51%
Papeete
48%
Puerto Vallarta
46%
Changsha
44%
Ontario
44%
Palm Springs
41%
Shenyang
41%
Kunming
40%
León/Del Bajío
40%
Qingdao
40%
Nadi
37%
Belize City
36%
Liberia
32%
Oaxaca
32%
Jinan
25%
Mazatlán
25%
Aguascalientes
21%
Terceira
21%
Ixtapa/Zihuatanejo
20%
Durango
18%
Morelia
16%
Zacatecas
15%
Avarua
14%
Loreto
9%
Manzanillo
7%
Uruapan
5%

Score Distribution

Percentile by Number Answered

Percent of People with Each Score

Your Score History

You have not taken this quiz